1395 1226 1464 1066 1445 1120 1032 1021 1644 1987 1521 1574 1516 1430 1777 1328 1614 1636 1555 1798 1336 1729 1065 1685 1111 1331 1924 1224 1828 1964 1046 1776 1845 1737 1115 1400 1451 1821 1880 1226 1176 1623 1462 1539 1501 1894 1794 1206 1082 1039 1477 1649 1569 1446 1975 1439 1230 1250 1909 1983 1292 1957 1546 1725 1106 1827 1204 1512 1945 1222 1630 1069 1723 1552 1108 1040 1410 1486 1160 1586 1976 1850 1887 1954 1319 1750 1838 1808 1138 1191 1894 1647 1229 1260 1344 1657 1258 1501 1868 BCNSPRNW ULIB Ver.6.0+V

เปลี่ยนเป็นภาษาไทย

Change to English
 แสดงรายละเอียดบรรณานุกรม
  กลับหน้าหลัก

Brief Record : Get Marc (ISO 2709) : E-mail record : QR code < ปิดหน้าต่าง
LEADER : 00000nam 2200000uu 4500
001    13399126128
003     ULIB
008    020711s2014 th a 000 0 eng d
020    ^a9780134053448
050    ^aPE1128^bP44L
100    ^aPhillips, Deborah.
245    ^aLongman Introductory Course for the TOEFL Test : iBT/^bPhillips, Deborah.
250    ^a2nd ed
260    ^aNY :^bPearson Education, Inc.,^c2014
300    ^a507 pages;^b30 cm
650    ^aTest of English as a Foreign Language-Study guides.
945    ^p637^l0^i004224
945    ^p637^l0^i004225
999    ^aประนอม เกษจรัล
รายการนี้ยังไม่มีแท็ก
คุณยังไม่ได้ล็อกอิน คุณสามารถมีกิจกรรมร่วมกับเว็บไซต์ได้ แต่ต้องล็อกอินก่อน ::
  ล็อกอิน

รายการสื่อสารสนเทศ

ลำดับที่ ประเภท เลขเรียก/บาร์โค้ด สถานที่ สถานะ
1. วิทยาศาสตร์การแพทย์ และสุขภาพ
หนังสือสำรอง
สถานะ=หนังสือสำรอง
PE1128 P44L ฉ.1 
  Barcode: 004224
ห้องสมุดวิทยาเขตสวรรค์ประชารักษ์
►หนังสือทั่วไป
บนชั้น
2. วิทยาศาสตร์การแพทย์ และสุขภาพ
วิทยาศาสตร์การแพทย์ และสุขภาพ
PE1128 P44L ฉ.2 
  Barcode: 004225
ห้องสมุดวิทยาเขตสวรรค์ประชารักษ์
►หนังสือทั่วไป
บนชั้น

BibComment


ยังไม่เคยถูกคอมเมนท์

คอมเมนท์ทรัพยากรรายการนี้
  คอมเมนท์: Longman Introduc..


 Copyright 2026. Bcnsprnw @Library